000 002450000a22000970004500
100 1 _aMelhus, Kaare
245 1 0 _aTurn stumbling blocks into stepping stones
300 _aNúm 67 (1994), Páginas 13
773 0 _tWorld Evangelization
942 _cANA
999 _c57586
_d57586